[Event "Meghalaya op 1st"]
[Site "Shillong"]
[Date "2023.12.20"]
[Round "10"]
[White "Kumaresh, A."]
[Black "Bartakke, Amardeep S"]
[Result "1/2-1/2"]
[WhiteElo "1806"]
[BlackElo "2011"]
[PlyCount "101"]
[EventDate "2023.12.13"]
[EventType "swiss"]
[EventRounds "10"]
[EventCountry "IND"]
[SourceTitle "CB52_2023"]
[SourceDate "2023.12.27"]
[SourceVersion "1"]
[SourceVersionDate "2023.12.27"]
[SourceQuality "1"]

1. Nf3 d5 2. c4 e6 3. e3 f5 4. Nc3 Nf6 5. Be2 c6 6. d4 Bd6 7. Ne5 0-0 8. f4 Ne4 9. Nxe4 fxe4 10. 0-0 Nd7 11. Bd2 Nxe5 12. fxe5 Rf6 13. Rf2 Rxf2 14. Qe1 Rf1+ 15. Qxf1 Be7 16. b4 Bd7 17. Qd1 a6 18. a4 Qe8 19. Bh5 Qf8 20. Qe2 g6 21. Rf1 Qg7 22. Bg4 Rf8 23. Rc1 Rc8 24. a5 h5 25. Bh3 Qh6 26. b5 axb5 27. cxd5 cxd5 28. Rxc8+ Bxc8 29. Qxb5 Qf8 30. Qb6 Kf7 31. g4 h4 32. Bf1 Kg8 33. Be2 Qd8 34. Qxd8+ Bxd8 35. Bb5 Kf7 36. Kf1 Be7 37. Ke2 Ba3 38. h3 g5 39. Kd1 Ke7 40. Kc2 Bd7 41. Bxd7 Kxd7 42. Kb3 Be7 43. Ka4 Kc6 44. Bb4 Bxb4 45. Kxb4 b5 46. a6 Kb6 47. a7 Kxa7 48. Kxb5 Kb7 49. Ka5 Ka7 50. Kb5 Kb7 51. Ka5 1/2-1/2

[Event "Asia-ch Amateur"]
[Site "Dubai"]
[Date "2023.09.01"]
[Round "7"]
[White "Kumaresh, A."]
[Black "Ravil, Pernekhan"]
[Result "1-0"]
[WhiteElo "1703"]
[BlackElo "1844"]
[PlyCount "41"]
[EventDate "2023.08.28"]
[EventType "swiss"]
[EventRounds "9"]
[EventCountry "UAE"]
[SourceTitle "EXT 2024"]
[Source "ChessBase"]
[SourceDate "2023.10.10"]
[SourceVersion "1"]
[SourceVersionDate "2023.10.10"]
[SourceQuality "1"]

1. d4 e6 2. c4 d5 3. Nf3 c5 4. dxc5 Bxc5 5. cxd5 exd5 6. e3 Nf6 7. Be2 Nc6 8. 0-0 0-0 9. Nbd2 Bb6 10. Nb3 Bg4 11. Nbd4 Re8 12. h3 Bxf3 13. Nxf3 d4 14. exd4 Nxd4 15. Nxd4 Bxd4 16. Bf3 Qb6 17. Bf4 Ne4 18. Bxe4 Rxe4 19. Qf3 Rae8 20. Rac1 Bxb2 21. Qxe4 1-0

[Event "Sivakasi Mahalingam Cup"]
[Site "Sivakasi"]
[Date "2023.07.23"]
[Round "6"]
[White "Kumaresh, A."]
[Black "Srihari, Lakshmi"]
[Result "1-0"]
[WhiteElo "1715"]
[BlackElo "2281"]
[PlyCount "137"]
[EventDate "2023.07.21"]
[EventType "swiss"]
[EventRounds "9"]
[EventCountry "IND"]
[SourceTitle "EXT 2024"]
[Source "ChessBase"]
[SourceDate "2023.10.10"]
[SourceVersion "1"]
[SourceVersionDate "2023.10.10"]
[SourceQuality "1"]

1. c4 Nf6 2. Nf3 g6 3. g3 Bg7 4. Bg2 0-0 5. d4 d6 6. 0-0 Nbd7 7. Nc3 e5 8. e4 c6 9. h3 Qb6 10. Rb1 exd4 11. Nxd4 Ng4 12. Nde2 Nge5 13. b3 Nc5 14. Qxd6 Rd8 15. Qe7 Be6 16. Be3 Bf8 17. Qg5 Qc7 18. Bd4 Ncd3 19. Qe3 Nb4 20. Rbd1 Nc2 21. Qc1 Nxd4 22. Rxd4 Bc5 23. Rxd8+ Rxd8 24. Na4 Nd3 25. Qc3 Bb4 26. Qc2 Ne1 27. Qc1 Nxg2 28. Kxg2 Qe5 29. Qe3 Bd2 30. Qf3 b5 31. cxb5 cxb5 32. Nac3 b4 33. Nb1 Bh6 34. Nf4 Bxf4 35. Qxf4 Qa5 36. Qf6 Re8 37. Qb2 Qh5 38. h4 Qg4 39. Re1 Rd8 40. Qe2 Qh3+ 41. Kg1 f5 42. Nd2 f4 43. Nf1 Rf8 44. Qd3 Bg4 45. Nh2 Be6 46. Rc1 Rf7 47. Qd8+ Rf8 48. Qd3 h6 49. Rc6 Bf7 50. Qf3 fxg3 51. Qxg3 Qd7 52. Rd6 Qe7 53. Ng4 h5 54. Nf6+ Kg7 55. Nxh5+ Kh7 56. Nf6+ Kg7 57. h5 Rc8 58. h6+ Kh8 59. Qf4 a5 60. Rd7 Qe6 61. Nd5 g5 62. Qf6+ Qxf6 63. Nxf6 Bg8 64. e5 a4 65. bxa4 b3 66. axb3 g4 67. Nxg8 g3 68. fxg3 Rc2 69. Ne7 1-0

[Event "MPL-ch U20 50th"]
[Site "Gurugram"]
[Date "2022.03.13"]
[Round "9"]
[White "Soham, Kamotra"]
[Black "Kumaresh, A."]
[Result "1/2-1/2"]
[WhiteElo "2229"]
[BlackElo "1754"]
[PlyCount "172"]
[EventDate "2022.03.09"]
[EventType "swiss"]
[EventRounds "9"]
[EventCountry "IND"]
[SourceTitle "CBM 207 Extra"]
[Source "ChessBase"]
[SourceDate "2022.05.31"]
[SourceVersion "1"]
[SourceVersionDate "2022.05.31"]
[SourceQuality "1"]

1. Nf3 Nf6 2. c4 g6 3. g3 Bg7 4. Bg2 d6 5. 0-0 0-0 6. Nc3 e5 7. d3 a6 8. Rb1 Nbd7 9. b4 Rb8 10. Nd2 b6 11. Nd5 Bb7 12. Qc2 Re8 13. a4 c6 14. Nc3 d5 15. e4 Nf8 16. b5 d4 17. Ne2 axb5 18. axb5 c5 19. Ra1 Ra8 20. Rxa8 Qxa8 21. Bb2 Qc8 22. Ra1 Qc7 23. h3 Ne6 24. Ra7 Ra8 25. Qa4 Qb8 26. Rxa8 Qxa8 27. Qxa8+ Bxa8 28. h4 Nd7 29. Bh3 Ndf8 30. Nb3 f6 31. Bc1 Kf7 32. f4 Bb7 33. f5 Nd8 34. Kf2 Ke7 35. g4 h6 36. fxg6 Nxg6 37. h5 Nf8 38. Ng3 Bc8 39. Nf5+ Bxf5 40. exf5 Nf7 41. Bg2 Ng5 42. Bc6 Kd6 43. Kg3 Nfh7 44. Bd5 Nf8 45. Bc6 Nfh7 46. Kg2 Nf7 47. Bd5 Nhg5 48. Bxf7 Nxf7 49. Kf3 Kd7 50. Ke4 Nd6+ 51. Kd5 Bf8 52. Bd2 Ne8 53. Nc1 Nc7+ 54. Ke4 Bg7 55. Ne2 Ne8 56. Ng3 Kd6 57. Nh1 Nc7 58. Nf2 Ne8 59. Bc1 Bf8 60. Nd1 Bg7 61. Nb2 Kd7 62. Na4 Nd6+ 63. Kd5 Nc8 64. Bd2 Ne7+ 65. Ke4 Nc8 66. Be1 Kd6 67. Nb2 Ne7 68. Nd1 Nc8 69. Nf2 Bh8 70. Bd2 Bg7 71. Bc1 Ne7 72. Kf3 Kd7 73. Ne4 Ng8 74. Kg3 Bf8 75. Nd2 Ne7 76. Kf3 Bg7 77. Ba3 Nc8 78. Ne4 Nd6 79. Nf2 Ke7 80. Ne4 Nxe4 81. Kxe4 Kd6 82. Bc1 Bf8 83. Bd2 Bg7 84. Be1 Bh8 85. Bg3 Bg7 86. Bh2 Bf8 1/2-1/2

[Event "MPL-ch U20 50th"]
[Site "Gurugram"]
[Date "2022.03.09"]
[Round "2"]
[White "Kumaresh, A."]
[Black "Arjun, Kalyan"]
[Result "0-1"]
[WhiteElo "1754"]
[BlackElo "2506"]
[PlyCount "48"]
[EventDate "2022.03.09"]
[EventType "swiss"]
[EventRounds "9"]
[EventCountry "IND"]
[SourceTitle "CBM 207 Extra"]
[Source "ChessBase"]
[SourceDate "2022.05.31"]
[SourceVersion "1"]
[SourceVersionDate "2022.05.31"]
[SourceQuality "1"]

1. c4 Nf6 2. Nf3 e6 3. b3 d5 4. Bb2 c5 5. d3 Nc6 6. e3 d4 7. e4 e5 8. g3 Bd6 9. Bg2 h6 10. h3 Be6 11. Nbd2 g5 12. g4 Ne7 13. Nf1 Ng6 14. Ng3 Nf4 15. Kf1 Qc7 16. Nf5 0-0-0 17. Ng1 h5 18. f3 Bxf5 19. exf5 Nxg2 20. Kxg2 Qc6 21. gxh5 Rxh5 22. Ne2 g4 23. Ng3 Rxh3 24. Ne4 Rxf3 0-1

[Event "Madurai op 1st"]
[Site "Madurai"]
[Date "2017.08.12"]
[Round "2"]
[White "Kumaresh, A."]
[Black "Sekar, B."]
[Result "0-1"]
[WhiteElo "1561"]
[BlackElo "2262"]
[PlyCount "82"]
[EventDate "2017.08.12"]
[EventType "swiss"]
[EventRounds "8"]
[EventCountry "IND"]
[SourceTitle "CBM 180 Extra"]
[Source "ChessBase"]
[SourceDate "2017.10.06"]
[SourceVersion "1"]
[SourceVersionDate "2017.10.06"]
[SourceQuality "1"]

1. d4 Nf6 2. e3 d5 3. Bd3 c5 4. c3 Nc6 5. f4 e6 6. Nf3 Bd6 7. 0-0 0-0 8. Ne5 Ne7 9. Nd2 b6 10. h3 Bb7 11. g4 Ne4 12. Qf3 Nxd2 13. Bxd2 f6 14. Qg3 fxe5 15. dxe5 Bc7 16. f5 Nc6 17. g5 Nxe5 18. Bc2 Nc4 19. Qh4 exf5 20. Bxf5 Rxf5 21. Rxf5 Nxd2 22. Rd1 Ne4 23. Qg4 Bc8 24. Rfxd5 Bxg4 25. Rxd8+ Rxd8 26. Rxd8+ Bxd8 27. hxg4 Bxg5 28. Kg2 Kf7 29. Kf3 Nf6 30. c4 Ke6 31. b3 Ke5 32. a3 a5 33. a4 h6 34. Ke2 Ke4 35. Kd2 Bxe3+ 36. Ke2 Nxg4 37. Ke1 Kf3 38. b4 axb4 39. a5 b3 40. Kd1 bxa5 41. Ke1 b2 0-1